00451nam a22001577a 450000500170000000800410001702000150005804100130007308200150008610000260010124500430012725000190017026000470018930000320023665000250026820231031070617.0231031b |||||||| |||| 00| 0 eng d a0702129534 aEnglish  a347.1 POL  aPistorius, DlEnglish aPollak on Jurisdiction /cD Pistorius  aSecond Edition aCape Town : bJuta and Company Ltd, c1993 bxxx, 201 pages ; c26.5 cm. alegal practice bLaw